Public address systems / (Record no. 4190)

MARC details
000 -LEADER
fixed length control field 00638nac a22001931u 4500
010 ## - LIBRARY OF CONGRESS CONTROL NUMBER
LC control number 92015277
020 ## - INTERNATIONAL STANDARD BOOK NUMBER
International Standard Book Number 0750607327
020 ## - INTERNATIONAL STANDARD BOOK NUMBER
International Standard Book Number 0240514238
082 00 - DEWEY DECIMAL CLASSIFICATION NUMBER
Classification number 621.3892
Item number C238
090 ## - LOCALLY ASSIGNED LC-TYPE CALL NUMBER (OCLC); LOCAL CALL NUMBER (OCLC)
-- 4190
-- 4190
100 ## - MAIN ENTRY--PERSONAL NAME
Personal name Capel, Vivian.
245 10 - TITLE STATEMENT
Title Public address systems /
Statement of responsibility, etc Vivian Capel.
260 ## - PUBLICATION, DISTRIBUTION, ETC. (IMPRINT)
Place of publication, distribution, etc Oxford ;
-- Boston :
Name of publisher, distributor, etc Focal Press,
Date of publication, distribution, etc 1992.
300 ## - PHYSICAL DESCRIPTION
Extent 250 p. :
Other physical details ill. ;
Dimensions 24 cm.
500 ## - GENERAL NOTE
General note Includes index.
650 #0 - SUBJECT ADDED ENTRY--TOPICAL TERM
Topical term or geographic name as entry element Public address systems.
942 ## - ADDED ENTRY ELEMENTS (KOHA)
Item type Book - Borrowing
Call number prefix 621.3892C238
Holdings
Withdrawn status Item status Damaged status Not for loan Home library Current library Shelving location Date acquired Source of acquisition Total Checkouts Full call number Barcode Date last seen Koha item type
        Central Library Central Library First floor 26/08/2007 Purchase   621.3892 CAP 000005236 15/07/2025 Book - Borrowing